| Поле | Инд. | ПП | Название | Значение |
|---|---|---|---|---|
| Тип записи | a | |||
| Библиографический уровень | a | |||
| 001 | Контрольный номер | RU/REP/BASE/00078145 | ||
| 005 | Дата корректировки | 20200422132400.4 | ||
| 200 | 1_ | a | Заглавие | О реализации решений Европейского Суда по правам человека в правовой системе России |
| f | Первые сведения об ответственности | Улетова Г.Д.,Малиновский О.Н. | ||
| 210 | 1_ | a | Место издания | М. |
| c | Издательство | РАП | ||
| d | Дата издания | 2013 | ||
| 463 | 1 | 001RU/REP/BASE/00078011 | ||
| 1 | 2001 | |||
| a | Поиск баланса частных и публичных интересов в решениях международных и национальных судов | |||
| v | С. 159-176 | |||
| 1 | 210 | |||
| d | 2013 | |||
| 610 | 0_ | a | Ключевые слова | МЕЖДУНАРОДНОЕ ПРАВО, ЕВРОПЕЙСКИЙ СУД, ИНОСТРАННЫЕ СУДЕБНЫЕ РЕШЕНИЯ ПРИЗНАНИЕ ИСПОЛНЕНИЕ |
| 686 | v | Номер издания | LBC/SL-A | |
| 2 | Код системы | rubbk | ||
| a | Систематический индекс | 67 | ||
| 700 | _1 | a | Фамилия | Улетова |
| b | Имя | Г.Д. | ||
| 701 | _1 | a | Фамилия | Малиновский |
| b | Имя | О.Н. | ||
| 852 | i | Авторский знак | П47 | |
| j | Полочный индекс | 67 | ||
| 901 | w | Контрольный № источника | RU/REP/BASE/00078011 | |
| t | Тип документа | a |